| 000 | 01303cam a2200373 i 4500 | ||
|---|---|---|---|
| 001 | 21998970 | ||
| 005 | 20240305165658.0 | ||
| 006 | m o d | ||
| 007 | cr un ---uuuua | ||
| 008 | 210111s2020 ck ob 001 0 spa d | ||
| 010 | _a 2020439819 | ||
| 020 |
_a9789587324082 _q(pbk.) |
||
| 020 |
_a9789587324099 _q(digital) |
||
| 035 | _a40473 | ||
| 040 |
_aUtOrBLW _beng _erda _cUtOrBLW |
||
| 042 | _apcc | ||
| 043 | _as-ck--- | ||
| 050 | 0 | 0 |
_aKHH3440.E96 _bP46 2020 |
| 082 | 0 | 4 |
_a344.86104197 _223 |
| 100 | 1 |
_aPeña Ñuscué, Ana Jessica, _eauthor. |
|
| 245 | 1 | 0 |
_aMorir dignamente : _buna visión desde el derecho colombiano / _cAna Jessica Peña Ñuscué, Katherine Lizeth Figueroa Coral. |
| 250 | _aPrimera edición. | ||
| 264 | 1 |
_aPopayán : _bEditorial Universidad del Cauca, _c2020. |
|
| 300 | _a1 online resource (253 pages) | ||
| 336 |
_atext _btxt _2rdacontent |
||
| 337 |
_acomputer _bc _2rdamedia |
||
| 338 |
_aonline resource _bcr _2rdacarrier |
||
| 504 | _aIncludes bibliographical references (pages 233-248) and index. | ||
| 650 | 0 |
_aEuthanasia _xLaw and legislation _zColombia. |
|
| 650 | 0 |
_aRight to die _xLaw and legislation _zColombia. |
|
| 700 | 1 |
_aFigueroa Coral, Katherine Lizeth, _eauthor. |
|
| 856 | 4 | 0 | _uhttps://app.vlex.com/#/sources/40473 |
| 942 | _cRAA | ||
| 999 |
_c173260 _d173260 |
||